Coastal zone management (Record no. 505617)

MARC details
000 -LEADER
fixed length control field 00679nam a2200229Ia 4500
003 - CONTROL NUMBER IDENTIFIER
control field OSt
005 - DATE AND TIME OF LATEST TRANSACTION
control field 20220925183711.0
008 - FIXED-LENGTH DATA ELEMENTS--GENERAL INFORMATION
fixed length control field 220923b |||||||| |||| 00| 0 eng d
037 ## - SOURCE OF ACQUISITION
Terms of availability General Book
040 ## - CATALOGING SOURCE
Original cataloging agency RTL
Transcribing agency RTL
Language of cataloging eng
041 ## - LANGUAGE CODE
Source of code eng
Language code of text/sound track or separate title eng
100 ## - MAIN ENTRY--PERSONAL NAME
Personal name Korakandy Ramakrishana
9 (RLIN) 259169
245 #0 - TITLE STATEMENT
Title Coastal zone management
Remainder of title A study of the political
260 ## - PUBLICATION, DISTRIBUTION, ETC.
Place of publication, distribution, etc. Delhi
Name of publisher, distributor, etc. Kalpaz Published India
Date of publication, distribution, etc. 2005
300 ## - PHYSICAL DESCRIPTION
Extent 585p.303p.
Dimensions cm.
650 ## - SUBJECT ADDED ENTRY--TOPICAL TERM
Topical term or geographic name entry element Geomorphology
942 ## - ADDED ENTRY ELEMENTS (KOHA)
Classification part U213.212.P, P5.2
Koha item type General Books
Source of classification or shelving scheme Colon Classification (CC)
Holdings
Withdrawn status Lost status Damaged status Not for loan Home library Current library Date acquired Total Checkouts Full call number Barcode Date last seen Price effective from Koha item type
        Ratan Tata Library Ratan Tata Library 2022-09-25   U213.212.P P5.2 RT01147466 V2 2022-09-25 2022-09-25 General Books
Copyright @ Delhi University Library System